000 00701nam a22002297a 4500
999 _c1318
_d1318
001 1318
003 BD-JhCC
005 20171017205814.0
008 171017s2007 b |||| |||| 000 0 b d
020 _a9849694239
035 _a(BD-JhCC)1318
040 _aBD-JhCC
_dBD-JhCC
041 _aben
082 _a891.4409
_bRAH 2007
100 _aরহমান, আতিউর
245 _aনির্বাচিত প্রবন্ধ /
_cআতিউর রহমান
260 _aঢাকা:
_bঅন্যপ্রকাশ,
_c২০০৭.
300 _a৩৬৭ পৃ. :
_c২২ সেমি.
650 _aBengali Litereture
942 _2ddc
_cBK